Makromolekulární chemie

Saved in:
Bibliographic Details
Main Author Prokopová, Irena, 1950- (Author)
Corporate Author Vysoká škola chemicko-technologická v Praze
Format Book
LanguageCzech
Published Praha : Vydavatelství VŠCHT, 2007
EditionVyd. 2., přeprac.
Subjects
Online AccessDigitalizovaný dokument
ISBN978-80-7080-662-3
Physical Description207 s. : il. ; 29 cm

Cover

LEADER 00000aam a2200000 a 4500
001 115702
003 CZ-ZlUTB
005 20260529085401.0
007 ta
008 080118s2007 xr a e p 000 0 cze
015 |a cnb001787789 
020 |a 978-80-7080-662-3  |q (brož.) 
035 |a (OCoLC)228606716 
040 |a ABA001  |b cze  |d ZLD002 
072 7 |a 54  |x Chemie. Mineralogické vědy  |2 Konspekt  |9 10 
072 7 |a 37.016  |x Učební osnovy. Vyučovací předměty. Učebnice  |2 Konspekt  |9 22 
080 |a 54-126  |2 MRF 
080 |a (075.8)  |2 MRF 
100 1 |a Prokopová, Irena,  |d 1950-  |7 xx0029350  |4 aut 
245 1 0 |a Makromolekulární chemie /  |c Irena Prokopová 
250 |a Vyd. 2., přeprac. 
260 |a Praha :  |b Vydavatelství VŠCHT,  |c 2007 
300 |a 207 s. :  |b il. ;  |c 29 cm 
500 |a Nad názvem: Vysoká škola chemicko-technologická v Praze 
500 |a 250 výt., dotisk 2020 
504 |a Obsahuje bibliografii 
650 0 7 |a makromolekulární chemie  |7 ph122572  |2 czenas 
650 0 9 |a macromolecular chemistry  |2 eczenas 
655 7 |a učebnice vysokých škol  |7 fd133772  |2 czenas 
655 9 |a textbooks (higher)  |2 eczenas 
710 2 |a Vysoká škola chemicko-technologická v Praze  |7 kn20010710384 
856 4 1 |u https://ndk.cz/uuid/uuid:df7bd2d0-3120-11ea-a83e-005056827e51  |y Digitalizovaný dokument 
901 |f 2., přeprac. vyd.  |g Na rubu titulního listu uvedeno chybně, bez závorkového výkladu, též ISBN 80-7080-554-4, které náleží 1. vyd.  |o 20080331 
910 |a ZLD002 
942 |2 udc 
952 |0 0  |1 0  |4 0  |5 0  |6 S54PROKOPOVÁI  |7 -1  |8 BOOK  |9 191281  |a UTBZL  |b UTBZL  |c 037  |d 2026-05-25  |l 0  |o S54/PROKOPOVÁ,I.  |p 420010201898  |r 2026-05-25 10:43:49  |v 253.00  |w 2026-05-25  |x N:nákup  |y 01 
992 |b SK 
999 |c 115702  |d 115702